<?xml version="1.0" encoding="UTF-8"?>
<collection xmlns="http://www.loc.gov/MARC21/slim">
<record>
  <controlfield tag="001">170045</controlfield>
  <controlfield tag="005">20260316092630.0</controlfield>
  <datafield tag="024" ind1="7" ind2=" ">
    <subfield code="2">doi</subfield>
    <subfield code="a">10.1016/j.addr.2026.115836</subfield>
  </datafield>
  <datafield tag="024" ind1="8" ind2=" ">
    <subfield code="2">sideral</subfield>
    <subfield code="a">148624</subfield>
  </datafield>
  <datafield tag="037" ind1=" " ind2=" ">
    <subfield code="a">ART-2026-148624</subfield>
  </datafield>
  <datafield tag="041" ind1=" " ind2=" ">
    <subfield code="a">eng</subfield>
  </datafield>
  <datafield tag="100" ind1=" " ind2=" ">
    <subfield code="a">Guerrero-López, Paula</subfield>
    <subfield code="u">Universidad de Zaragoza</subfield>
    <subfield code="0">(orcid)0000-0003-3661-7718</subfield>
  </datafield>
  <datafield tag="245" ind1=" " ind2=" ">
    <subfield code="a">Matrix-integrated microfluidic tumor models for evaluating drug delivery systems and pre-clinical testing</subfield>
  </datafield>
  <datafield tag="260" ind1=" " ind2=" ">
    <subfield code="c">2026</subfield>
  </datafield>
  <datafield tag="520" ind1="3" ind2=" ">
    <subfield code="a">Drug delivery research strongly depends on experimental models that faithfully mimic the tumor microenvironment (TME) and its barriers to evaluate therapeutic efficacy. Conventional systems provide valuable insights but suffer from some limitations in physiological relevance, reproducibility, scalability or translational predictability. In this context, microfluidic ‘tumor-on-chip’ platforms have emerged as innovative tools that integrate engineering technology to model biological complexity, offering controlled microenvironments to investigate drug penetration, transport dynamics, and therapeutic response. A distinctive aspect of these microsystems is the possibility of incorporating matrices that mimic the extracellular matrix (ECM) of different tissues. These matrices enhance the ability of the in vitro models to replicate the structural, biochemical, and mechanical features of solid tumors. In this review, we focus on the application of microfluidic matrix-integrated tumor-on-chip platforms for drug delivery evaluation. We first outline key microenvironmental features that regulate therapeutic efficacy and discuss how they can be engineered within microfluidic models. We then examine how transport dynamics and delivery mechanisms are modeled under physiologically relevant conditions and review the use of these platforms to assess a broad range of therapeutic strategies, including nanocarriers, biologics, and gene- and cell-based therapies. Finally, we highlight emerging computational and data-driven approaches, together with current translational and regulatory perspectives, that position matrix-integrated tumor-on-chip technologies as powerful preclinical tools. These models aim to bridge the gap between simplified in vitro assays and more complex in vivo studies, ultimately accelerating the translation of drug delivery systems into clinical practice and paving the way for more personalized therapeutic strategies.</subfield>
  </datafield>
  <datafield tag="506" ind1="0" ind2=" ">
    <subfield code="a">Access copy available to the general public</subfield>
    <subfield code="f">Unrestricted</subfield>
  </datafield>
  <datafield tag="536" ind1=" " ind2=" ">
    <subfield code="9">info:eu-repo/grantAgreement/EC/H2020/101018587/EU/Individual and Collective Migration of the Immune Cellular System/ICoMICS</subfield>
    <subfield code="9">This project has received funding from the European Union’s Horizon 2020 research and innovation program under grant agreement No H2020 101018587-ICoMICS</subfield>
    <subfield code="9">info:eu-repo/grantAgreement/ES/MCIU/PID2024-155384OB-C21</subfield>
  </datafield>
  <datafield tag="540" ind1=" " ind2=" ">
    <subfield code="9">info:eu-repo/semantics/openAccess</subfield>
    <subfield code="a">by-nc</subfield>
    <subfield code="u">https://creativecommons.org/licenses/by-nc/4.0/deed.es</subfield>
  </datafield>
  <datafield tag="655" ind1=" " ind2="4">
    <subfield code="a">info:eu-repo/semantics/article</subfield>
    <subfield code="v">info:eu-repo/semantics/publishedVersion</subfield>
  </datafield>
  <datafield tag="700" ind1=" " ind2=" ">
    <subfield code="a">Alamán-Díez, Pilar</subfield>
    <subfield code="u">Universidad de Zaragoza</subfield>
    <subfield code="0">(orcid)0000-0003-1958-4432</subfield>
  </datafield>
  <datafield tag="700" ind1=" " ind2=" ">
    <subfield code="a">Hernández-Hatibi, Soraya</subfield>
    <subfield code="u">Universidad de Zaragoza</subfield>
  </datafield>
  <datafield tag="700" ind1=" " ind2=" ">
    <subfield code="a">Balsas, Patricia</subfield>
    <subfield code="u">Universidad de Zaragoza</subfield>
    <subfield code="0">(orcid)0000-0002-9485-9179</subfield>
  </datafield>
  <datafield tag="700" ind1=" " ind2=" ">
    <subfield code="a">García-Aznar, José Manuel</subfield>
    <subfield code="u">Universidad de Zaragoza</subfield>
    <subfield code="0">(orcid)0000-0002-9864-7683</subfield>
  </datafield>
  <datafield tag="710" ind1="2" ind2=" ">
    <subfield code="1">5004</subfield>
    <subfield code="2">605</subfield>
    <subfield code="a">Universidad de Zaragoza</subfield>
    <subfield code="b">Dpto. Ingeniería Mecánica</subfield>
    <subfield code="c">Área Mec.Med.Cont. y Teor.Est.</subfield>
  </datafield>
  <datafield tag="710" ind1="2" ind2=" ">
    <subfield code="1">5001</subfield>
    <subfield code="2">065</subfield>
    <subfield code="a">Universidad de Zaragoza</subfield>
    <subfield code="b">Dpto. Ciencia Tecnol.Mater.Fl.</subfield>
    <subfield code="c">Área Cienc.Mater. Ingen.Metal.</subfield>
  </datafield>
  <datafield tag="773" ind1=" " ind2=" ">
    <subfield code="g">232 (2026), 115836 [24 pp.]</subfield>
    <subfield code="p">Adv. drug deliv. rev.</subfield>
    <subfield code="t">ADVANCED DRUG DELIVERY REVIEWS</subfield>
    <subfield code="x">0169-409X</subfield>
  </datafield>
  <datafield tag="856" ind1="4" ind2=" ">
    <subfield code="s">4675209</subfield>
    <subfield code="u">http://zaguan.unizar.es/record/170045/files/texto_completo.pdf</subfield>
    <subfield code="y">Versión publicada</subfield>
  </datafield>
  <datafield tag="856" ind1="4" ind2=" ">
    <subfield code="s">1962102</subfield>
    <subfield code="u">http://zaguan.unizar.es/record/170045/files/texto_completo.jpg?subformat=icon</subfield>
    <subfield code="x">icon</subfield>
    <subfield code="y">Versión publicada</subfield>
  </datafield>
  <datafield tag="909" ind1="C" ind2="O">
    <subfield code="o">oai:zaguan.unizar.es:170045</subfield>
    <subfield code="p">articulos</subfield>
    <subfield code="p">driver</subfield>
  </datafield>
  <datafield tag="951" ind1=" " ind2=" ">
    <subfield code="a">2026-03-16-08:17:32</subfield>
  </datafield>
  <datafield tag="980" ind1=" " ind2=" ">
    <subfield code="a">ARTICLE</subfield>
  </datafield>
</record>
</collection>